Financing and valuing sustainable property (Record no. 107068)

MARC details
000 -LEADER
fixed length control field 01451cad a22002295a 4500
001 - CONTROL NUMBER
control field L138223
008 - FIXED-LENGTH DATA ELEMENTS--GENERAL INFORMATION
fixed length control field 070523s2007 xxk f 000 0 eng d
035 ## - SYSTEM CONTROL NUMBER
System control number (Sirsi) u138223
041 0# - LANGUAGE CODE
Language code of text/sound track or separate title eng
050 04 - LIBRARY OF CONGRESS CALL NUMBER
Classification number 333.332 $2 18
110 2# - MAIN ENTRY--CORPORATE NAME
Corporate name or jurisdiction name as entry element Royal Institution of Chartered Surveyors
Subordinate unit Research
9 (RLIN) 4902
245 00 - TITLE STATEMENT
Title Financing and valuing sustainable property
Remainder of title we need to talk
Medium [electronic resource]
260 ## - PUBLICATION, DISTRIBUTION, ETC.
Place of publication, distribution, etc. London
Name of publisher, distributor, etc. RICS
Date of publication, distribution, etc. 2007
490 #0 - SERIES STATEMENT
Series statement RICS Findings in Built and Rural Environments
Volume/sequential designation April 2007
520 ## - SUMMARY, ETC.
Summary, etc. Reports on the key findings from a RICS event held at the Rethinking Sustainable Construction 2006 conference. The event considered whether a sustainable building is worth more than a comparable standard one and discussed the role property valuation could have in demonstrating the added value provided by greener buildings. This report looks at the attitudes of property investors, emissions carbon trading, the need to include sustainability in property investment risk measures, and the social impact of sustainable development. Concludes with proposals for a future research programme.
590 ## - LOCAL NOTE (RLIN)
Local note KA
651 #4 - SUBJECT ADDED ENTRY--GEOGRAPHIC NAME
Geographic name International
690 ## - LOCAL SUBJECT ADDED ENTRY--TOPICAL TERM (OCLC, RLIN)
Topical term or geographic name as entry element PROPERTY-VALUATION AND APPRAISAL
690 ## - LOCAL SUBJECT ADDED ENTRY--TOPICAL TERM (OCLC, RLIN)
Topical term or geographic name as entry element ENVIRONMENTAL AND LAND CONSULTANCY-SUSTAINABILITY-SUSTAINABLE DEVELOPMENT
856 40 - ELECTRONIC LOCATION AND ACCESS
Uniform Resource Identifier <a href="https://www.property-advisors.de/documents/RICS_FiBRE_Financing_and_Valuing_Sustainable_Property.pdf">https://www.property-advisors.de/documents/RICS_FiBRE_Financing_and_Valuing_Sustainable_Property.pdf</a>
Public note Broken link - not available
942 ## - ADDED ENTRY ELEMENTS (KOHA)
Suppress in OPAC 0
Holdings
Withdrawn status Lost status Source of classification or shelving scheme Damaged status Not for loan Home library Current library Shelving location Date acquired Total Checkouts Full call number Barcode Date last seen Copy number Price effective from Koha item type
    Dewey Decimal Classification     Virtual Virtual Online 23/05/2007   ONLINE PUBLICATION 138223-2001 06/08/2019 1 06/08/2019 Book